Ayuntamiento de Tarrasa : [instrucción popular] [instrucción popular]
Descripción Física:
[4] p. ; 32 cm
MARC
| LEADER | 00000nam a2200000Ia 4500 | ||
|---|---|---|---|
| 001 | 23132 | ||
| 008 | 160829s1908 xx 000 0 cat d | ||
| 080 | |a RF-17-12 | ||
| 245 | |a Ayuntamiento de Tarrasa : |b [instrucción popular] | ||
| 260 | |a Tarrasa : |b Imp. Utset, |c 1908 | ||
| 300 | |a [4] p. ; |c 32 cm | ||
| 590 | |a Prové de 2290, exp. 2 | ||
| 650 | |a Escoles públiques |x Terrassa |9 47748 | ||
| 650 | |a Ensenyament |x Terrassa |9 47749 | ||
| 710 | 1 | |a Terrassa (Catalunya). |b Ajuntament |9 51450 | |
| 856 | 4 | |u https://media.diba.cat/diba/fitxers/arxiu/fulletons/bib_23132_1908_baixa.pdf |y Accés lliure | |
| 856 | 4 | |u https://media.diba.cat/diba/fitxers/arxiu/fulletons/bib_23132_1908_baixa.pdf |y Accés lliure | |
| 901 | |a Arxiu | ||
| 942 | |n 1 |2 udc | ||
| 952 | |0 0 |1 0 |4 0 |6 RF1712 |7 1 |9 54073 |a Arxiu |b Arxiu |d 2016-12-01 |l 0 |o RF-17-12 |p 23132 |r 2016-12-01 00:00:00 |w 2016-12-01 |y ARXIU | ||
| 999 | |c 57941 |d 57941 | ||
| 900 | |a bib_23132_1908_baixa.pdf | ||